| 000 | 00446nam a2200157 i 4500 | ||
|---|---|---|---|
| 001 | 95394 | ||
| 003 | ES-MaACL | ||
| 005 | 20230906181709.0 | ||
| 007 | t| | ||
| 008 | 050527s1973 sp ||||1| spa d | ||
| 100 | 1 |
_aLlano Gorostiza, Manuel. _972701 |
|
| 245 | 1 | 4 |
_aLos vinos de Rioja / _cManuel Llano Gorostiza. |
| 260 |
_aBilbao : _bIndulian, _c1973. |
||
| 300 |
_a175 p. con 14 lám. : _bil. ; _c28 cm. |
||
| 852 |
_aES-MaACL _jC-54199 _bR.86943 |
||
| 999 |
_c95394 _d95394 |
||